000 01282nam a2200337 i 4500
001 197274
003 ES-MaACL
005 20250821063124.0
008 250426s2004 sp | ||| ||spa
016 7 _abimoBNE20040573702
_2SpMaBN
017 _aM 3531-2004
_bOficina Depósito Legal Madrid
020 _a8460901440
035 _a(OCoLC)432878063
035 _a(SpMaBN)bimo0001949019
040 _aSpMaBN
_bspa
_cSpMaBN
_erdc
080 _a347.467(460)
100 1 _aGutiérrez Peña, Florencio,
_d1953-
_9175692
_eaut
245 1 3 _aEl derecho de anticresis en el código civil español /
_cFlorencio Gutiérrez Peña.
260 _aMadrid :
_b[Coslada (Avda. del Plantío, 5, 28820 Coslada, Madrid)],
_c2004.
300 _a377 páginas ;
_c24 cm.
336 _2rdacontent
_atexto
337 _2rdamedia
_asin mediación
338 _2rdacarrier
_avolumen
504 _aBibliografía: páginas 361-377
650 0 _aAnticresis-
_zEspaña
_2embne
_9240475
852 _aES-MaACL
_cDEPOJ
_jN-10474
_xEncuadernación rústica
_9206597
_hDonación: Editorial
942 _cMONOGRAFIA
_n0
999 _c197274
_d197274